Trio Lescano (Il)-Disco (Record n. 100128)

Dettagli MARC
000 -LEADER
fixed length control field 02951njm a2200493Ia 4500
001 - CONTROL NUMBER
control field 20763
003 - CONTROL NUMBER IDENTIFIER
control field IT-RoPAU
005 - DATE AND TIME OF LATEST TRANSACTION
control field 20220918181125.0
008 - FIXED-LENGTH DATA ELEMENTS--GENERAL INFORMATION
fixed length control field 131025s9999 xx 000 0 und d
040 ## - CATALOGING SOURCE
Original cataloging agency IT-RoPAU
040 ## - CATALOGING SOURCE
Transcribing agency IT-RoPAU
041 ## - LANGUAGE CODE
Language code of text/sound track or separate title ITALIANO
999 ## - SYSTEM CONTROL NUMBERS (KOHA)
Koha Dewey Subclass [OBSOLETE] n.d.
100 ## - MAIN ENTRY--PERSONAL NAME
Personal name AA.VV.
9 (RLIN) 794
100 ## - MAIN ENTRY--PERSONAL NAME
Relator term Autore musica
9 (RLIN) 3052
100 ## - MAIN ENTRY--PERSONAL NAME
Miscellaneous information Codice autore musica SPICS: 12000
9 (RLIN) 796
245 ## - TITLE STATEMENT
Title Trio Lescano (Il)-Disco
250 ## - EDITION STATEMENT
Edition statement 2a ed.
260 ## - PUBLICATION, DISTRIBUTION, ETC. (IMPRINT)
Place of publication, distribution, etc. MILANO
260 ## - PUBLICATION, DISTRIBUTION, ETC. (IMPRINT)
Name of publisher, distributor, etc. FRATELLI FABBRI EDITORI
Date of publication, distribution, etc. 1982 [1a Ed.:1970]
300 ## - PHYSICAL DESCRIPTION
Extent DISCO
300 ## - PHYSICAL DESCRIPTION
Dimensions 26 minuti (Testo: pag.)
500 ## - GENERAL NOTE
General note La canzone italiana. I divi degli anni '30. Olanda, marito bello e ricco, tristezza, perduto amore, primavera, gioia, scioglilingua, sposare, lattaio, fornaio, macellaio, sognare
505 ## - FORMATTED CONTENTS NOTE
Formatted contents note Tulipan [(Grever/Morbelli-Trio Lescano) (4:00)] - Senti l'eco [(Pizzigoni-Trio Lescano) (4:00)] - Papà e mammà [(Barzizza/Borelli-Quartetto Cetra-Trio Lescano) (4:00)] - Nebbia [(Vallini/Tettoni-Caterinetta Lescano) (4:00)] - Comtemplazione [(Chiappo/Lavagnino-Trio Lescano) (3:00)] - Tulilem-blem-blu [(Sciorilli-Trio Lescano) (4:00)] - Oh! Ma-ma (4:00) - La barca dei sogni [(Di Ceglie/Testoni-Caterinetta Lescano) (4:00)]
511 ## - PARTICIPANT OR PERFORMER NOTE
Participant or performer note Trio Lescano (Il)
511 ## - PARTICIPANT OR PERFORMER NOTE
Participant or performer note Quartetto Cetra (Il)
511 ## - PARTICIPANT OR PERFORMER NOTE
Participant or performer note Leschan Caterinetta
650 ## - SUBJECT ADDED ENTRY--TOPICAL TERM
Topical term or geographic name as entry element CANZONE ITALIAN [DISCHI]
Relator term Codice MATERIA SPICS: 9950
9 (RLIN) 3053
700 ## - ADDED ENTRY--PERSONAL NAME
Personal name Morbelli Riccardo
Miscellaneous information Codice autore musica SPICS: 13446
Relator term Autore musica
Name of part/section of a work Tulipan
9 (RLIN) 3054
700 ## - ADDED ENTRY--PERSONAL NAME
Personal name Grever Maria
Miscellaneous information Codice autore testo/musica SPICS: 13517
Relator term Autore testo/musica
Name of part/section of a work Tulipan
9 (RLIN) 3055
700 ## - ADDED ENTRY--PERSONAL NAME
Personal name Pizzigoni
Miscellaneous information Codice autore testo/musica SPICS: 13516
Relator term Autore testo/musica
Name of part/section of a work Senti l'eco
9 (RLIN) 3056
700 ## - ADDED ENTRY--PERSONAL NAME
Personal name Borelli Rosario
Miscellaneous information Codice autore musica SPICS: 13518
Relator term Autore musica
Name of part/section of a work Papà e mammà
9 (RLIN) 3057
700 ## - ADDED ENTRY--PERSONAL NAME
Personal name Barzizza Pippo
Miscellaneous information Codice autore testo/musica SPICS: 13368
Relator term Autore testo/musica
Name of part/section of a work Papà e mammà
9 (RLIN) 3058
700 ## - ADDED ENTRY--PERSONAL NAME
Personal name Tettoni Ferdinando
Miscellaneous information Codice autore musica SPICS: 13515
Relator term Autore musica
Name of part/section of a work Nebbia
9 (RLIN) 3059
700 ## - ADDED ENTRY--PERSONAL NAME
Personal name Vallini Mario
Miscellaneous information Codice autore testo/musica SPICS: 13519
Relator term Autore testo/musica
Name of part/section of a work Nebbia
9 (RLIN) 3060
700 ## - ADDED ENTRY--PERSONAL NAME
Personal name Lavagnino Alberto
Miscellaneous information Codice autore musica SPICS: 16917
Relator term Autore musica
Name of part/section of a work Comtemplazione
9 (RLIN) 3061
700 ## - ADDED ENTRY--PERSONAL NAME
Personal name Chiappo Enrico
Miscellaneous information Codice autore testo/musica SPICS: 13520
Relator term Autore testo/musica
Name of part/section of a work Comtemplazione
9 (RLIN) 3062
700 ## - ADDED ENTRY--PERSONAL NAME
Personal name Sciorilli Eros
Miscellaneous information Codice autore testo/musica SPICS: 13521
Relator term Autore testo/musica
Name of part/section of a work Tulilem-blem-blu
9 (RLIN) 3063
700 ## - ADDED ENTRY--PERSONAL NAME
Personal name Citorello
Miscellaneous information Codice autore musica SPICS: 13522
Relator term Autore musica
Name of part/section of a work Oh! Ma-ma
9 (RLIN) 3064
700 ## - ADDED ENTRY--PERSONAL NAME
Personal name Vallee Rudy
Miscellaneous information Codice autore testo/musica SPICS: 13523
Relator term Autore testo/musica
Name of part/section of a work Oh! Ma-ma
9 (RLIN) 3065
700 ## - ADDED ENTRY--PERSONAL NAME
Personal name Testoni Giancarlo
Miscellaneous information Codice autore musica SPICS: 13524
Relator term Autore musica
Name of part/section of a work La barca dei sogni
9 (RLIN) 3066
700 ## - ADDED ENTRY--PERSONAL NAME
Personal name Di Ceglie Cosimo
Miscellaneous information Codice autore testo/musica SPICS: 13484
Relator term Autore testo/musica
Name of part/section of a work La barca dei sogni
9 (RLIN) 3067
942 ## - ADDED ENTRY ELEMENTS (KOHA)
Koha item type DISCHI
Source of classification or shelving scheme Dewey Decimal Classification
Dati di copia
Withdrawn status Lost status Damaged status Not for loan Home library Current library Date acquired Total Checkouts Full call number Date last seen Price effective from Koha item type Public note
    Buone Condizioni Not For Loan SPICS-MEDIATECA SPICS-MEDIATECA 25/10/2013   20763 25/10/2013 25/10/2013 DISCHI Progr. Ins.: 4066 / N.Vol.: 1 / Copie: 1 - Copia rara: n.d. / date import: 01.01.2014 - By Epidotti, Trombetti, Vaglietti
CREDITS: SOCIETA' SAN PAOLO Via A.Severo, 58 - ROMA (RM) & PERIODICI SAN PAOLO SRL Via Giotto, 36 MILANO & CISF Via Giotto, 36 MILANO & EDIZIONI SAN PAOLO SRL,  Piazza Soncino, 5 CINISELLO BALSAMO (MI) -- ITALY